<?xml version="1.0" encoding="UTF-8"?>
<record
    xmlns:xsi="http://www.w3.org/2001/XMLSchema-instance"
    xsi:schemaLocation="http://www.loc.gov/MARC21/slim http://www.loc.gov/standards/marcxml/schema/MARC21slim.xsd"
    xmlns="http://www.loc.gov/MARC21/slim">

  <leader>00831nam a2200229 a 4500</leader>
  <controlfield tag="001">78477</controlfield>
  <controlfield tag="003">BD-RjUL</controlfield>
  <controlfield tag="005">20211209083132.0</controlfield>
  <controlfield tag="008">210927s19501369   ||||| |||| 00| 0bara d</controlfield>
  <datafield tag="035" ind1=" " ind2=" ">
    <subfield code="a">(BD-RjUL)78703</subfield>
  </datafield>
  <datafield tag="040" ind1=" " ind2=" ">
    <subfield code="a">BD-RjUL</subfield>
    <subfield code="b">eng</subfield>
    <subfield code="c">BD-RjUL</subfield>
  </datafield>
  <datafield tag="041" ind1=" " ind2=" ">
    <subfield code="a">ara</subfield>
  </datafield>
  <datafield tag="082" ind1=" " ind2=" ">
    <subfield code="2">23</subfield>
    <subfield code="a">A 297.61 </subfield>
    <subfield code="b">THH 1950</subfield>
  </datafield>
  <datafield tag="100" ind1=" " ind2=" ">
    <subfield code="a">&#x639;&#x628;&#x62F; &#x627;&#x644;&#x645;&#x627;&#x62C;&#x62F; ;; Abdul Mazid</subfield>
    <subfield code="9">248504</subfield>
  </datafield>
  <datafield tag="245" ind1=" " ind2=" ">
    <subfield code="a">&#x62D;&#x6A9;&#x6CC;&#x645; &#x627;&#x644;&#x627;&#x645;&#x62A; &#x627;&#x634;&#x631;&#x641; &#x639;&#x644;&#x6CC; &#x62A;&#x6BE;&#x627;&#x646;&#x648;&#x6CC; ;; Hakim-ul-Ummah Ashraf Ali Thanawi /</subfield>
    <subfield code="c">&#x627;&#x634;&#x631;&#x641; &#x639;&#x644;&#x6CC; &#x62A;&#x6BE;&#x627;&#x646;&#x648;&#x6CC;  ;; Ashraf Ali Thanawi ; </subfield>
  </datafield>
  <datafield tag="260" ind1=" " ind2=" ">
    <subfield code="a">India : </subfield>
    <subfield code="b">abdul majid</subfield>
    <subfield code="c">1950</subfield>
  </datafield>
  <datafield tag="300" ind1=" " ind2=" ">
    <subfield code="a">614 p. ;</subfield>
    <subfield code="c">23 cm</subfield>
  </datafield>
  <datafield tag="600" ind1=" " ind2=" ">
    <subfield code="a">&#x62A;&#x6BE;&#x627;&#x646;&#x648;&#x6CC;, &#x62D;&#x6A9;&#x6CC;&#x645; &#x627;&#x644;&#x627;&#x645;&#x62A; &#x627;&#x634;&#x631;&#x641; &#x639;&#x644;&#x6CC;   ;; Thanwi, Hakim-ul-Amat Ashraf Ali   </subfield>
    <subfield code="9">248505</subfield>
  </datafield>
  <datafield tag="650" ind1=" " ind2=" ">
    <subfield code="a">Biography</subfield>
    <subfield code="9">248506</subfield>
  </datafield>
  <datafield tag="700" ind1=" " ind2=" ">
    <subfield code="a">&#x639;&#x628;&#x62F; &#x627;&#x644;&#x645;&#x627;&#x62C;&#x62F; ;; Abdul Mazid</subfield>
    <subfield code="9">248510</subfield>
  </datafield>
  <datafield tag="942" ind1=" " ind2=" ">
    <subfield code="2">ddc</subfield>
    <subfield code="c">BK</subfield>
  </datafield>
  <datafield tag="999" ind1=" " ind2=" ">
    <subfield code="c">78477</subfield>
    <subfield code="d">78477</subfield>
  </datafield>
  <datafield tag="952" ind1=" " ind2=" ">
    <subfield code="0">0</subfield>
    <subfield code="1">0</subfield>
    <subfield code="2">ddc</subfield>
    <subfield code="4">0</subfield>
    <subfield code="7">1</subfield>
    <subfield code="8">NFIC</subfield>
    <subfield code="a">RUCL</subfield>
    <subfield code="b">RUCL</subfield>
    <subfield code="c">Reading</subfield>
    <subfield code="d">2021-09-27</subfield>
    <subfield code="l">0</subfield>
    <subfield code="o">A 297.61 THH 1950</subfield>
    <subfield code="r">2021-09-27 00:00:00</subfield>
    <subfield code="t">C-1</subfield>
    <subfield code="w">2021-09-27</subfield>
    <subfield code="y">BK</subfield>
  </datafield>
</record>
